Представление документа в формате MARC21

Поле Инд. ПП Название Значение
Тип записи a
Библиографический уровень m
001 Контрольный номер RU/IS/BASE/451997571
005 Дата корректировки 20150513113537.3
020 a ISBN 978-5-02-038459-0
040 a Служба первич. каталог. НБ ТвГУ
b Код языка каталог. rus
e Правила каталог. PSBO
041 0_ a Код языка текста rus
080 a Индекс УДК 544.23/.25.022
084 a Индекс другой классификации/Индекс ББК Г711
090 a Полочн. индекс Г711
x Авторский знак И 79
100 1_ a Автор Иржак Вадим Исакович
q Полное имя Иржак В. И.
245 00 a Заглавие Архитектура полимеров
c Ответственность Рос. акад. наук, Ин-т пробл. хим. физики, М-во образования и науки Рос. Федерации, Каз. нац. исслед. технол. ун-т.
260 a Место издания Москва
b Издательство Наука
c Дата издания 2012
300 a Объем 367, [1] с.
b Иллюстрации/ тип воспроизводства ил.
c Размеры 22 см
500 a Примечание На 4-й с. обл. авт.: Иржак В.И., д.х.н., проф., засл. деят. науки РФ
504 a Библиография Библиогр. в конце глав
520 a Аннотация Изложены современные представления об архитектуре высокомолекулярных соединений, количественные и качественные методы ее описания. Рассмотрена связь кинетических особенностей синтеза с топологической структурой полимеров. Для студентов старших курсов, аспирантов, научно-педагогических и производственных работников, специализирующихся в области химии, физики и технологии высокомолекулярных соединений.
653 a Ключевые слова Архитектура полимеров
a Ключевые слова Высокомолекулярные соединения
a Ключевые слова Кинетика полимеризации
a Ключевые слова Критическая конверсия
a Ключевые слова Полимеры
a Ключевые слова Синтез полимеров
a Ключевые слова Строение полимеров
a Ключевые слова Структура полимеров
a Ключевые слова Топологические структуры
a Ключевые слова Топология полимеров
a Ключевые слова Химия полимеров
901 t Тип документа m
920 a Оператор Семен
a Оператор Конд
a Оператор Густ
a Оператор Стро
930 a Новая/Ретро новая
952 c Вид литературы К рн
954 a Дата поступления на обработку 20141021
c Дата окончания ОНО 20141110
b Дата поступления в ОК 20140428